| 000 | 00594nam a22002177a 4500 | ||
|---|---|---|---|
| 005 | 20170124110034.0 | ||
| 010 | _a841212 | ||
| 020 | _c00.00 | ||
| 035 | _a841212 | ||
| 037 | _bCen Lib/Ret | ||
| 040 |
_adpl _bEN |
||
| 082 |
_a822 _bBAY |
||
| 100 |
_aBayliss, A.E.M. _922224 |
||
| 245 |
_aRecent one-act plays / _cselected by A.E.M.Bayliss |
||
| 260 |
_bGeorge G.Harrap & Co. Ltd. _c1944 _aLondon |
||
| 270 | _a182, High Holborn | ||
| 300 |
_a184p. _c18cm(Hb) |
||
| 650 |
_aChildren's plays. _922225 |
||
| 650 |
_aEnglish Plays. _922226 |
||
| 942 |
_2ddc _cEN _h822 _mBAY |
||
| 999 |
_c128035 _d128035 |
||